| 000 | 00976nam a2200277 u 4500 | ||
|---|---|---|---|
| 001 | 219664 | ||
| 005 | 20260506082133.0 | ||
| 008 | 980702s1973 spa | ||
| 035 | _a219664 | ||
| 035 | _a(OCoLC)777703674 | ||
| 040 | _ccomduadb | ||
| 041 | _aspa | ||
| 080 | _aW | ||
| 100 | 1 | 0 |
_aRamírez Duque, Hernán _4aut _eaut _9279168 |
| 245 | 1 | 0 | _aRediseno del sistema nacional de salud : documento RSSC-7 : resultados y propuestas del grupo de estudio numero 11 "participacion de la comunidad", en los programas y actividades del sector salud |
| 260 |
_aBogotá, _c1973. |
||
| 300 | _a70 páginas | ||
| 650 | 7 |
_aParticipación comunitaria _2lemb _9574 |
|
| 650 | 7 |
_aComunidad _2lemb _9380 |
|
| 650 | 7 |
_aDesarrollo _2agrovoc _925951 |
|
| 650 |
_aSistema General de Seguridad Social en Salud _922212 |
||
| 650 | 7 |
_aSociología rural _2lemb _92277 |
|
| 651 | 7 |
_aColombia _2embne _9870547 |
|
| 700 | 1 | 0 |
_aVasco Uribe, Alberto _d1943- _4aut _eaut _9334423 |
| 942 | _cBOOK | ||
| 999 |
_c98982 _d98982 |
||